[Event "TCh-RUS Premier 2023"]
[Site "Sochi RUS"]
[Date "2023.05.05"]
[Round "5.3"]
[Board "6"]
[White "Afanasiev, Nikita"]
[Black "Yudin, Ivan"]
[Result "1-0"]
[WhiteTitle "GM"]
[BlackTitle "FM"]
[WhiteElo "2530"]
[BlackElo "2306"]
[WhiteTeam "SK KPRF (Moskva)"]
[BlackTeam "Shkola im. M.M. Botvinnika  (Moskva)"]
[WhiteFideId "24183555"]
[BlackFideId "4198751"]
[EventDate "2023.05.01"]
[EventType "team"]

1. Nf3 d5 2. g3 Bg4 3. Bg2 Nd7 4. d4 e6 5. O-O Ngf6 6. Nbd2 c6 7. Re1 Be7 8. e4
dxe4 9. Nxe4 Nxe4 10. Rxe4 Bf5 11. Re1 O-O 12. c3 a5 13. a4 Qb6 14. Nd2 Qa6 15.
Qb3 Rfd8 16. Bf1 Qb6 17. Qa2 Qa7 18. Nf3 Nb6 19. Bg5 Bxg5 20. Nxg5 Nd5 21. Nf3
Qb6 22. Ne5 c5 23. Rad1 cxd4 24. Rxd4 Nf6 25. Rf4 Nd5 26. Rf3 Bg6 27. Bg2 Rac8
28. h4 Nf6 29. Rfe3 Bh5 30. Bh3 Nd5 31. Re4 Nf6 32. Rf4 Nd5 33. Rc4 Rxc4 34.
Nxc4 Qc5 35. Qb3 Rc8 36. Bf1 b6 37. Ne5 Nf6 38. Qb5 Qc7 39. Bg2 Bg6 40. Rd1 Bf5
41. Rd4 Rd8 42. Qc6 Qb8 43. Nc4 e5 44. Rxd8+ Qxd8 45. Qxb6 Qd1+ 46. Bf1 h5 47.
Ne3 Qb1 48. b4 axb4 49. Qxb4 Qe4 50. a5 1-0

[Event "TCh-RUS Premier 2023"]
[Site "Sochi RUS"]
[Date "2023.05.05"]
[Round "5.4"]
[Board "1"]
[White "Lazavik, Denis"]
[Black "Najer, Evgeniy"]
[Result "1/2-1/2"]
[WhiteTitle "GM"]
[BlackTitle "GM"]
[WhiteElo "2544"]
[BlackElo "2655"]
[WhiteTeam "Belarus (Respublika Belarus)"]
[BlackTeam "Shakhmatnaya sbornaya Moskvy (Moskva)"]
[WhiteFideId "13515110"]
[BlackFideId "4118987"]
[EventDate "2023.05.01"]
[EventType "team"]

1. d4 Nf6 2. c4 e6 3. Nf3 b6 4. g3 Ba6 5. b3 Bb4+ 6. Bd2 Be7 7. Bg2 O-O 8. O-O
d5 9. Ne5 c5 10. dxc5 Qc7 11. Nd3 dxc4 12. bxc4 Bb7 13. Bf4 Qc8 14. Bxb7 Qxb7
15. cxb6 axb6 16. Nd2 Ne4 17. Qc2 Bf6 18. Nxe4 Qxe4 19. Rab1 Nc6 20. f3 Qf5 21.
Kh1 Qa5 22. Rb5 Qxa2 23. Qxa2 Rxa2 24. Rxb6 Nd4 25. e3 Rd2 26. Nc5 Ne2 27. Ne4
Bd8 28. Rb7 Rd3 29. Bd6 Re8 30. Bc5 h5 31. Nd6 Rf8 32. Re1 Nc3 33. Nb5 Re8 34.
Rb8 Kh7 35. Nxc3 Rxc3 36. Bb6 Bxb6 37. Rxe8 Bxe3 38. Rc8 Kg6 39. Rd1 Rc2 40. Rc7
h4 41. gxh4 Bf4 42. h5+ Kf6 43. Rb7 Rxc4 44. Rdd7 Rc1+ 45. Kg2 Rc2+ 46. Kf1 Rc1+
47. Ke2 Rc2+ 48. Kd3 Rd2+ 49. Ke4 Rxd7 50. Rxd7 Bxh2 51. f4 Bg1 52. Kf3 Bc5 53.
Kg4 Bf8 54. Rd8 Ke7 55. Rc8 f5+ 56. Kf3 Kf7 57. Ke3 Bd6 58. Rc6 Bb4 59. Kd3 Kf6
60. Rc1 Bd6 61. Rf1 e5 62. fxe5+ Bxe5 63. Rg1 Kf7 64. Ke2 Kg8 65. Rg5 Kh7 66.
Rxf5 Bb2 67. Rb5 Bf6 68. Kf3 Bc3 69. Kg4 Bd4 70. Rb3 Be5 71. Kf5 Bd4 72. Rg3 Bb2
73. Rg6 Bc3 74. Rc6 Bf6 75. Rc8 Bd4 76. Re8 Bb2 77. Re2 Bc3 78. h6 gxh6 79. Re7+
Kg8 80. Kg6 Kf8 81. Re2 h5 82. Kxh5 Kf7 83. Kg5 Bf6+ 84. Kf5 Bc3 85. Rc2 Bd4 86.
Rd2 Bc3 87. Rd7+ Ke8 88. Ke6 Kf8 89. Rf7+ Kg8 90. Rf3 Bd4 91. Rf7 Bc3 92. Ke7
Bd4 93. Ke8 Bc3 94. Rf3 Bd4 95. Rg3+ Kh7 96. Kf7 Kh6 97. Ke6 Bb2 98. Kf5 Kh7 99.
Rg6 Bc3 100. Kg5 Bb2 101. Rb6 Bc3 102. Rb3 Bd4 103. Rf3 Kg7 104. Rd3 Bf6+ 105.
Kf5 Bb2 106. Rb3 Bd4 107. Rb7+ Kf8 108. Ke6 Bc3 109. Rf7+ Kg8 110. Ke7 Bd4 111.
Rf4 Bc3 112. Rc4 Bb2 113. Rc2 Bd4 114. Rg2+ Kh7 115. Rg4 Bc3 116. Rc4 Bb2 117.
Rc6 Kg7 1/2-1/2

[Event "TCh-RUS Premier 2023"]
[Site "Sochi RUS"]
[Date "2023.05.05"]
[Round "5.4"]
[Board "2"]
[White "Inarkiev, Ernesto"]
[Black "Nikitenko, Mihail"]
[Result "1/2-1/2"]
[WhiteTitle "GM"]
[BlackTitle "GM"]
[WhiteElo "2661"]
[BlackElo "2522"]
[WhiteTeam "Shakhmatnaya sbornaya Moskvy (Moskva)"]
[BlackTeam "Belarus (Respublika Belarus)"]
[WhiteFideId "4162722"]
[BlackFideId "13506862"]
[EventDate "2023.05.01"]
[EventType "team"]

1. d4 Nf6 2. c4 e6 3. Nc3 d5 4. cxd5 exd5 5. Bg5 c6 6. e3 Be7 7. Bd3 O-O 8. Qc2
Nbd7 9. Nf3 Re8 10. O-O Nf8 11. h3 Ng6 12. Ne5 Nd7 13. Bxe7 Qxe7 14. f4 f6 15.
Nxg6 hxg6 16. Rf3 f5 17. g4 Nb6 18. gxf5 Bxf5 19. Bxf5 gxf5 20. Qxf5 Nc4 21. Nd1
Qb4 22. Qg5 Qe1+ 1/2-1/2

[Event "TCh-RUS Premier 2023"]
[Site "Sochi RUS"]
[Date "2023.05.05"]
[Round "5.4"]
[Board "3"]
[White "Aleksandrov, Aleksej"]
[Black "Riazantsev, Alexander"]
[Result "1/2-1/2"]
[WhiteTitle "GM"]
[BlackTitle "GM"]
[WhiteElo "2484"]
[BlackElo "2626"]
[WhiteTeam "Belarus (Respublika Belarus)"]
[BlackTeam "Shakhmatnaya sbornaya Moskvy (Moskva)"]
[WhiteFideId "13500139"]
[BlackFideId "4125029"]
[EventDate "2023.05.01"]
[EventType "team"]

1. Nf3 c5 2. e3 Nf6 3. d4 d5 4. c4 cxd4 5. exd4 g6 6. cxd5 Bg7 7. Bc4 Nxd5 8.
O-O O-O 9. Re1 Bg4 10. h3 Bxf3 11. Qxf3 e6 12. Nc3 Nc6 13. Bxd5 Nxd4 1/2-1/2

[Event "TCh-RUS Premier 2023"]
[Site "Sochi RUS"]
[Date "2023.05.05"]
[Round "5.4"]
[Board "4"]
[White "Popov, Ivan RUS"]
[Black "Fedorov, Alexei"]
[Result "1-0"]
[WhiteTitle "GM"]
[BlackTitle "GM"]
[WhiteElo "2627"]
[BlackElo "2477"]
[WhiteTeam "Shakhmatnaya sbornaya Moskvy (Moskva)"]
[BlackTeam "Belarus (Respublika Belarus)"]
[WhiteFideId "4170350"]
[BlackFideId "13500465"]
[EventDate "2023.05.01"]
[EventType "team"]

1. e4 c5 2. Nf3 e6 3. d4 cxd4 4. Nxd4 a6 5. Bd3 Bc5 6. Nb3 Be7 7. Qg4 g6 8. Qe2
d6 9. Nc3 Nd7 10. a3 Ne5 11. Be3 Nf6 12. O-O-O O-O 13. f4 Nxd3+ 14. Rxd3 Qc7 15.
g4 b5 16. g5 Nh5 17. Qf2 Rb8 18. f5 exf5 19. Nd5 Qd8 20. exf5 Bxg5 21. Rg1 Bh4
22. Qf3 Nf6 23. Qf4 Nxd5 24. Rxd5 Qe7 25. Bd4 Bf6 26. Rxd6 Bh8 27. f6 Qe2 28.
Be5 Qh5 29. Rg5 Qh6 30. Nd4 Re8 31. Nc6 Rb7 32. Ne7+ Rbxe7 33. fxe7 Bxe5 34.
Qxe5 f5 35. h4 1-0

[Event "TCh-RUS Premier 2023"]
[Site "Sochi RUS"]
[Date "2023.05.05"]
[Round "5.4"]
[Board "5"]
[White "Tsaruk, Maksim"]
[Black "Ponkratov, Pavel"]
[Result "1/2-1/2"]
[WhiteTitle "FM"]
[BlackTitle "GM"]
[WhiteElo "2371"]
[BlackElo "2580"]
[WhiteTeam "Belarus (Respublika Belarus)"]
[BlackTeam "Shakhmatnaya sbornaya Moskvy (Moskva)"]
[WhiteFideId "13511173"]
[BlackFideId "4157800"]
[EventDate "2023.05.01"]
[EventType "team"]

1. e4 c5 2. Nf3 d6 3. d4 cxd4 4. Nxd4 Nf6 5. Nc3 a6 6. g3 g6 7. Bg2 Bg7 8. O-O
O-O 9. h3 Nc6 10. Be3 Nd7 11. a4 Rb8 12. b3 Nc5 13. Qd2 Ne6 14. Nde2 b5 15. axb5
axb5 16. Bh6 b4 17. Bxg7 Kxg7 18. Nd5 Nc5 19. Rfd1 e5 20. Ne3 Ba6 21. Qxd6 Qxd6
22. Rxd6 Bb5 23. Rd5 Nxb3 24. cxb3 Bxe2 25. Ra2 Nd4 26. Rxe5 Rfc8 27. Rd2 Nf3+
28. Bxf3 Bxf3 29. g4 Kf6 30. Rdd5 Rc3 31. g5+ Kg7 32. Rb5 Rxb5 33. Rxb5 Rxb3 34.
Nd5 h6 35. h4 Rb1+ 36. Kh2 hxg5 37. hxg5 Bxe4 38. Nf6 Rh1+ 39. Kg3 Bf5 40. Rxb4
Rh3+ 41. Kg2 Rh8 42. Rb7 Bh3+ 43. Kg3 Be6 44. Kf4 Ra8 45. Rb5 Kf8 46. Ke5 Ke7
47. Rb7+ Kf8 48. Rb5 Ke7 49. Ne4 Bd7 50. Rb7 Ra5+ 51. Kd4 Ra1 52. Nf6 Rd1+ 53.
Ke5 Re1+ 54. Kf4 Rd1 55. Ng8+ Kd6 56. Nf6 Ke7 57. Rb6 Be6 58. Ra6 Rd8 59. Ke5
Rb8 60. Ra7+ Kf8 61. Ra5 Ke7 62. Ne4 Bd7 63. Nc5 Bf5 64. Ra7+ Kf8 65. Nd7+ 1/2-1/2

[Event "TCh-RUS Premier 2023"]
[Site "Sochi RUS"]
[Date "2023.05.05"]
[Round "5.4"]
[Board "6"]
[White "Makarian, Rudik"]
[Black "Stribuk, Artiom"]
[Result "0-1"]
[WhiteTitle "IM"]
[BlackTitle "FM"]
[WhiteElo "2547"]
[BlackElo "2376"]
[WhiteTeam "Shakhmatnaya sbornaya Moskvy (Moskva)"]
[BlackTeam "Belarus (Respublika Belarus)"]
[WhiteFideId "44105681"]
[BlackFideId "13515659"]
[EventDate "2023.05.01"]
[EventType "team"]

1. e4 c5 2. Nf3 d6 3. d4 cxd4 4. Nxd4 Nf6 5. Nc3 Nc6 6. Bg5 e6 7. Qd3 Be7 8.
O-O-O O-O 9. h4 Bd7 10. Be2 Qb6 11. Be3 Ne5 12. Qd2 Qc7 13. f3 Rfc8 14. g4 Nc4
15. Bxc4 Qxc4 16. h5 b5 17. Kb1 b4 18. Nce2 a5 19. g5 Ne8 20. g6 a4 21. Rc1 Bf6
22. gxf7+ Kxf7 23. Bg5 Bxd4 24. Nxd4 e5 25. Nf5 Be6 26. b3 Qa6 27. f4 axb3 28.
cxb3 Bxb3 29. axb3 Qa1# 0-1

[Event "TCh-RUS Premier 2023"]
[Site "Sochi RUS"]
[Date "2023.05.05"]
[Round "5.5"]
[Board "1"]
[White "Murzin, Volodar"]
[Black "Sjugirov, Sanan"]
[Result "1/2-1/2"]
[WhiteTitle "GM"]
[BlackTitle "GM"]
[WhiteElo "2577"]
[BlackElo "2712"]
[WhiteTeam "Sbornaya Novosibirskoy oblasti (Novosibir"]
[BlackTeam "Moskovskaya oblast (Moskovskaya oblast)"]
[WhiteFideId "44155573"]
[BlackFideId "4189302"]
[EventDate "2023.05.01"]
[EventType "team"]

1. e4 e5 2. Nf3 Nc6 3. Bb5 a6 4. Ba4 Nf6 5. O-O Be7 6. d3 b5 7. Bb3 d6 8. a3 O-O
9. Nc3 Be6 10. Bxe6 fxe6 11. Ne2 d5 12. Ng3 Bc5 13. Qe2 Qd6 14. Be3 Bxe3 15.
Qxe3 d4 16. Qd2 Ne7 1/2-1/2

[Event "TCh-RUS Premier 2023"]
[Site "Sochi RUS"]
[Date "2023.05.05"]
[Round "5.5"]
[Board "2"]
[White "Khismatullin, Denis"]
[Black "Kobalia, Mikhail"]
[Result "1/2-1/2"]
[WhiteTitle "GM"]
[BlackTitle "GM"]
[WhiteElo "2594"]
[BlackElo "2584"]
[WhiteTeam "Moskovskaya oblast (Moskovskaya oblast)"]
[BlackTeam "Sbornaya Novosibirskoy oblasti (Novosibir"]
[WhiteFideId "4142578"]
[BlackFideId "4119150"]
[EventDate "2023.05.01"]
[EventType "team"]

1. d4 d5 2. c4 c6 3. Nf3 Nf6 4. Nc3 e6 5. Bg5 h6 6. Bh4 Be7 7. e3 Nbd7 8. Bd3
O-O 9. O-O c5 10. Qe2 cxd4 11. exd4 dxc4 12. Bxc4 Nb6 13. Bb3 Bd7 14. Ne5 Bc6
15. Rad1 Nbd5 16. f4 g6 17. Bxf6 Bxf6 18. Rd3 Re8 19. Rg3 Bg7 20. Kh1 Rc8 21. h3
Rc7 22. Nb5 Bxb5 23. Qxb5 a6 24. Qe2 Qd6 25. Qd2 Rd8 26. Rd1 h5 27. Qf2 Qe7 28.
Rf3 h4 29. Bxd5 Rxd5 30. Rc3 Bxe5 31. fxe5 Rcd7 32. Qf4 Kg7 33. Rf3 Rd8 34. Kh2
R5d7 35. Qe3 Rh8 36. Rdf1 Rh5 37. Rxf7+ Qxf7 38. Rxf7+ Rxf7 39. d5 exd5 40. e6
Rf8 41. Qc3+ Kh6 42. Qc1+ Kg7 43. Qc3+ Kh6 44. Qc7 Rf2 45. Qb8 Re2 46. Qh8+ Kg5
47. Qd8+ Kh6 48. Qh8+ Kg5 49. Qg8 Kh6 50. Qf8+ Kh7 51. Qf6 Re4 52. Qf7+ Kh6 53.
Qf8+ Kh7 54. Qf7+ Kh6 55. Qf8+ Kh7 56. Qf7+ 1/2-1/2

[Event "TCh-RUS Premier 2023"]
[Site "Sochi RUS"]
[Date "2023.05.05"]
[Round "5.5"]
[Board "3"]
[White "Bocharov, Dmitry"]
[Black "Goryachkina, Aleksandra"]
[Result "1/2-1/2"]
[WhiteTitle "GM"]
[BlackTitle "GM"]
[WhiteElo "2516"]
[BlackElo "2565"]
[WhiteTeam "Sbornaya Novosibirskoy oblasti (Novosibir"]
[BlackTeam "Moskovskaya oblast (Moskovskaya oblast)"]
[WhiteFideId "4138716"]
[BlackFideId "4147103"]
[EventDate "2023.05.01"]
[EventType "team"]

1. d4 d5 2. c4 c6 3. Nf3 Nf6 4. Nc3 e6 5. Bg5 Nbd7 6. cxd5 exd5 7. e3 h6 8. Bh4
Be7 9. Bd3 O-O 10. Qc2 Re8 11. O-O Ne4 12. Bxe7 Qxe7 13. b4 Ndf6 14. b5 cxb5 15.
Bxb5 Bd7 16. Bxd7 Qxd7 17. Nxe4 Nxe4 18. Ne5 Qe6 19. Qb2 Re7 20. Rfc1 Rc8 21.
Rc2 Rec7 22. Rac1 Qe7 23. h3 g6 24. Qb3 Rxc2 25. Rxc2 Rxc2 26. Qxc2 Kg7 27. Kh2
Qd6 28. Qc8 Qe7 29. Qc2 Qd6 30. Qc8 Qe7 31. Qc2 Qd6 32. Qc1 1/2-1/2

[Event "TCh-RUS Premier 2023"]
[Site "Sochi RUS"]
[Date "2023.05.05"]
[Round "5.5"]
[Board "4"]
[White "Savchenko, Boris"]
[Black "Kezin, Roman"]
[Result "1-0"]
[WhiteTitle "GM"]
[BlackTitle "IM"]
[WhiteElo "2540"]
[BlackElo "2514"]
[WhiteTeam "Moskovskaya oblast (Moskovskaya oblast)"]
[BlackTeam "Sbornaya Novosibirskoy oblasti (Novosibir"]
[WhiteFideId "4147332"]
[BlackFideId "24124621"]
[EventDate "2023.05.01"]
[EventType "team"]

1. Nf3 d5 2. d4 Nf6 3. c3 g6 4. g3 Bg7 5. Bg2 O-O 6. O-O Nbd7 7. Bf4 c5 8. Nbd2
b6 9. Ne5 Bb7 10. Ndf3 Rc8 11. h4 e6 12. Qa4 a6 13. Qb3 Re8 14. a4 Nxe5 15. Nxe5
Nd7 16. Nf3 a5 17. Bg5 Qc7 18. Bf4 Qd8 19. Bg5 Qc7 20. Rfc1 Ba6 21. Qd1 cxd4 22.
cxd4 Qb7 23. h5 h6 24. Bd2 g5 25. e3 Rxc1 26. Rxc1 Rc8 27. Bc3 Nf6 28. Ne5 Ne4
29. Be1 Rxc1 30. Qxc1 Bxe5 31. dxe5 Qc8 32. Qxc8+ Bxc8 33. Bf3 Nc5 34. Bd1 Ba6
35. Bc3 Bc4 36. Bd4 Bd3 37. g4 Kg7 38. b4 axb4 39. a5 Ba6 40. axb6 Nb7 41. f3
Na5 42. Ba4 Nc4 43. Kf2 Nd2 44. Bb5 Bb7 45. Ke2 Nc4 46. Kd3 Na3 47. Ba4 Ba6+ 48.
Kd2 Kg8 49. Kc1 Nc4 50. Kc2 f6 51. exf6 e5 52. Bc5 Kf7 53. Kb3 Kxf6 54. Kxb4 Bb7
55. Kc3 Na5 56. Bf8 d4+ 57. exd4 exd4+ 58. Kxd4 Bxf3 59. Bd7 Nb3+ 60. Ke3 Bb7
61. Bxh6 Nc5 62. Bb5 Ne6 63. Bc4 Nc5 64. Bb5 Ne6 65. Kd3 Bf3 66. Kc3 Ke5 67. Bd7
Nc5 68. Bg7+ Kf4 69. h6 1-0

[Event "TCh-RUS Premier 2023"]
[Site "Sochi RUS"]
[Date "2023.05.05"]
[Round "5.5"]
[Board "5"]
[White "Khubukshanov, Erdem"]
[Black "Iljiushenok, Ilia"]
[Result "1/2-1/2"]
[WhiteTitle "IM"]
[BlackTitle "GM"]
[WhiteElo "2388"]
[BlackElo "2544"]
[WhiteTeam "Sbornaya Novosibirskoy oblasti (Novosibir"]
[BlackTeam "Moskovskaya oblast (Moskovskaya oblast)"]
[WhiteFideId "54114527"]
[BlackFideId "24105074"]
[EventDate "2023.05.01"]
[EventType "team"]

1. e4 c5 2. Nf3 e6 3. d4 cxd4 4. Nxd4 Nf6 5. Nc3 Nc6 6. Nxc6 bxc6 7. e5 Nd5 8.
Ne4 Qc7 9. f4 Qb6 10. c4 Bb4+ 11. Ke2 f5 12. Nf2 Ba6 13. Kf3 Ne7 14. Be3 Bc5 15.
Bxc5 Qxc5 16. Qa4 Qb6 17. c5 Bb5 18. Bxb5 cxb5 19. cxb6 bxa4 20. bxa7 Nd5 21.
Rac1 Ke7 22. Rhd1 Rxa7 23. Rd4 h6 24. h4 Raa8 25. a3 Rhg8 26. Nd3 g5 27. hxg5
hxg5 28. Rh1 gxf4 29. Rh7+ Ke8 30. Nc5 Rb8 31. Rxd5 exd5 32. Nxd7 Rb3+ 33. Kxf4
Rxg2 34. Kxf5 Kd8 35. Ke6 Rg6+ 36. Nf6 Rxb2 37. Ra7 Kc8 38. Rxa4 Rg5 39. Nxd5
Re2 40. Ne7+ Kb7 41. Nf5 Rh5 42. Nd6+ Kb6 43. Rb4+ Kc6 44. Nf7 Rh3 45. a4 Ra3
46. Kf6 Rf3+ 47. Ke6 Rxf7 48. Kxf7 1/2-1/2

[Event "TCh-RUS Premier 2023"]
[Site "Sochi RUS"]
[Date "2023.05.05"]
[Round "5.5"]
[Board "6"]
[White "Smirnov, Pavel"]
[Black "Belozerov, Andrei"]
[Result "1/2-1/2"]
[WhiteTitle "GM"]
[BlackTitle "GM"]
[WhiteElo "2545"]
[BlackElo "2461"]
[WhiteTeam "Moskovskaya oblast (Moskovskaya oblast)"]
[BlackTeam "Sbornaya Novosibirskoy oblasti (Novosibir"]
[WhiteFideId "4123425"]
[BlackFideId "4120213"]
[EventDate "2023.05.01"]
[EventType "team"]

1. d4 Nf6 2. c4 g6 3. g3 c6 4. Bg2 d5 5. b3 Bg7 6. Nf3 O-O 7. O-O dxc4 8. bxc4
c5 9. Bb2 cxd4 10. Nxd4 Qb6 11. Qc1 Bd7 12. Nd2 Nc6 13. Nc2 Rac8 14. Bc3 Rfd8
15. Rb1 Qc7 16. Ne3 Be6 17. Qb2 b6 18. Ne4 Nxe4 19. Bxg7 Rd2 20. Qa1 Nf6 21. Bh6
Nd4 22. Kh1 Nc2 23. Qc3 Nxe3 24. Qxd2 Nxf1 25. Rxf1 Ng4 26. Bf4 Qxc4 27. Bb7 Rc5
28. f3 Bd5 29. Bxd5 Rxd5 30. Qc1 Qxc1 31. Rxc1 Rd1+ 32. Rxd1 Nf2+ 33. Kg1 Nxd1
34. Bb8 a6 35. Ba7 Nc3 36. Bxb6 Nxe2+ 37. Kf2 Nc3 38. Ba5 Nd5 39. Ke2 Kf8 40.
Kd3 Ke8 41. Kd4 e6 42. Kc5 Kd7 43. Bd2 h5 44. a3 f6 45. f4 Kc7 46. Ba5+ Kd7 47.
Bd2 Kc7 48. Ba5+ Kd7 1/2-1/2

[Event "TCh-RUS Premier 2023"]
[Site "Sochi RUS"]
[Date "2023.05.07"]
[Round "6.1"]
[Board "1"]
[White "Artemiev, Vladislav"]
[Black "Karjakin, Sergey"]
[Result "0-1"]
[WhiteTitle "GM"]
[BlackTitle "GM"]
[WhiteElo "2701"]
[BlackElo "2747"]
[WhiteTeam "Ladya (Respublika Tatarstan)"]
[BlackTeam "Moskovskaya oblast (Moskovskaya oblast)"]
[WhiteFideId "24101605"]
[BlackFideId "14109603"]
[EventDate "2023.05.01"]
[EventType "team"]

1. e4 e5 2. Nf3 Nc6 3. Bb5 Nf6 4. d3 Bc5 5. Nbd2 Nd4 6. Nxd4 Bxd4 7. c3 Bb6 8.
d4 c6 9. dxe5 cxb5 10. exf6 Qxf6 11. O-O O-O 12. a4 bxa4 13. Nc4 d5 14. exd5 Bd7
15. Be3 Rfe8 16. Nxb6 axb6 17. Qd2 b5 18. Rfe1 h6 19. h3 Qg6 20. Kh2 Re5 21. Bf4
Rxd5 22. Qe3 Rd3 23. Qe4 Qxe4 24. Rxe4 Bc6 25. Re2 f6 26. Kg1 Rad8 27. Rae1 b4
28. cxb4 R8d4 29. b5 Bxb5 30. Re4 Rxe4 31. Rxe4 Rd1+ 32. Kh2 Rb1 33. Rb4 Bc6 34.
h4 Kf7 35. Be3 b5 36. Kg3 Ke6 37. f3 Bd7 38. Kf2 Kf7 39. Bd4 Rc1 40. Be3 Rc2+
41. Kg1 Ke6 42. Kf1 Ke7 43. Kg1 Kd6 44. Rd4+ Kc6 45. Rd2 Rxd2 46. Bxd2 Kc5 47.
Kf2 Kc4 48. Be3 b4 49. Ke2 a3 50. bxa3 bxa3 51. Bc1 Kb3 52. Be3 Kc3 53. Bd2+ Kc2
54. Be3 a2 55. Bd4 h5 56. Ke3 Kb1 57. Ke4 Be6 58. Bc3 a1=Q 59. Bxa1 Kxa1 60. Kd4
Kb2 61. Kc5 Kc3 62. Kd6 Bh3 63. gxh3 Kd4 64. Ke6 Ke3 65. Kf7 Kxf3 66. Kg6 Kg3
67. Kxh5 Kxh3 0-1

[Event "TCh-RUS Premier 2023"]
[Site "Sochi RUS"]
[Date "2023.05.07"]
[Round "6.1"]
[Board "2"]
[White "Sjugirov, Sanan"]
[Black "Timofeev, Artyom"]
[Result "1/2-1/2"]
[WhiteTitle "GM"]
[BlackTitle "GM"]
[WhiteElo "2712"]
[BlackElo "2567"]
[WhiteTeam "Moskovskaya oblast (Moskovskaya oblast)"]
[BlackTeam "Ladya (Respublika Tatarstan)"]
[WhiteFideId "4189302"]
[BlackFideId "4140419"]
[EventDate "2023.05.01"]
[EventType "team"]

1. e4 c5 2. Nf3 d6 3. d4 cxd4 4. Nxd4 Nf6 5. Nc3 g6 6. Be3 Bg7 7. f3 Nc6 8. Qd2
O-O 9. O-O-O d5 10. Nxc6 bxc6 11. Bh6 Bxh6 12. Qxh6 e5 13. Qg5 Qd6 14. exd5 cxd5
15. f4 exf4 16. Nxd5 Nxd5 17. Qxd5 Qb6 18. Qd4 Bg4 19. Rd2 Rfd8 20. Qxf4 Rxd2
21. Qxd2 Rd8 22. Bd3 Bf5 23. Kb1 Bxd3 24. cxd3 Qd6 25. Qe3 h5 26. a3 1/2-1/2

[Event "TCh-RUS Premier 2023"]
[Site "Sochi RUS"]
[Date "2023.05.07"]
[Round "6.1"]
[Board "3"]
[White "Tsydypov, Zhamsaran"]
[Black "Khismatullin, Denis"]
[Result "1-0"]
[WhiteTitle "GM"]
[BlackTitle "GM"]
[WhiteElo "2538"]
[BlackElo "2594"]
[WhiteTeam "Ladya (Respublika Tatarstan)"]
[BlackTeam "Moskovskaya oblast (Moskovskaya oblast)"]
[WhiteFideId "4108566"]
[BlackFideId "4142578"]
[EventDate "2023.05.01"]
[EventType "team"]

1. e4 e5 2. Nf3 Nc6 3. Bc4 Bc5 4. c3 Nf6 5. d3 d6 6. Bg5 h6 7. Bh4 a5 8. a4 Bd7
9. Na3 g5 10. Bg3 Nh5 11. Nb5 Nf4 12. Rg1 Bb6 13. Bxf4 gxf4 14. Qb3 Qf6 15.
O-O-O O-O 16. g4 fxg3 17. Rxg3+ Kh8 18. Nd2 Qe7 19. Rf1 Nd8 20. f4 Ne6 21. fxe5
dxe5 22. Bxe6 Bxe6 23. Qd1 Qh4 24. Nf3 Qh5 25. d4 exd4 26. Nbxd4 Rg8 27. Qd2
Rxg3 28. hxg3 Rg8 29. Nxe6 fxe6 30. Ne5 Rxg3 31. Kb1 Rg1 32. Qd8+ Kh7 33. Qe7+
Kh8 34. Nf7+ Kg8 35. Qe8+ 1-0

[Event "TCh-RUS Premier 2023"]
[Site "Sochi RUS"]
[Date "2023.05.07"]
[Round "6.1"]
[Board "4"]
[White "Savchenko, Boris"]
[Black "Samusenko, Maksim"]
[Result "1/2-1/2"]
[WhiteTitle "GM"]
[BlackTitle "IM"]
[WhiteElo "2540"]
[BlackElo "2464"]
[WhiteTeam "Moskovskaya oblast (Moskovskaya oblast)"]
[BlackTeam "Ladya (Respublika Tatarstan)"]
[WhiteFideId "4147332"]
[BlackFideId "4112253"]
[EventDate "2023.05.01"]
[EventType "team"]

1. c4 g6 2. d4 Nf6 3. Nc3 Bg7 4. e4 d6 5. Be2 O-O 6. Be3 c5 7. d5 e6 8. Nf3 exd5
9. cxd5 b5 10. e5 dxe5 11. Bxc5 Re8 12. Bxb5 Nbd7 13. Be3 Ng4 14. O-O Nxe3 15.
fxe3 Rb8 16. d6 Rf8 17. Qe2 a6 18. Bxa6 e4 19. Nxe4 Rxb2 20. Qd3 Bxa6 21. Qxa6
Rb6 22. Qc4 Bxa1 23. Rxa1 Qb8 24. Rf1 Rb1 25. Rxb1 Qxb1+ 26. Kf2 Qb2+ 27. Kg3
Kg7 28. a4 Nf6 29. a5 Rd8 30. a6 Nxe4+ 31. Qxe4 Qf6 32. a7 Qxd6+ 33. Ne5 f6 34.
a8=Q Rxa8 35. Qb7+ Kh6 36. Qxa8 Qxe5+ 37. Kh3 Qxe3+ 38. g3 Qf2 39. Qa1 Kg7 40.
Qd1 h5 41. Qd7+ Kh6 42. Qd1 Qa2 43. Qd6 Kg7 44. Qe7+ Qf7 45. Qe4 g5 46. Kg2 Qc7
47. Qd5 Qc2+ 48. Kg1 Qb1+ 49. Kg2 Qb2+ 50. Kg1 Qe5 51. Qd7+ Kg6 52. Qd3+ Kh6 53.
Qd8 Qe6 54. Qd3 h4 55. Kg2 Qa2+ 56. Kh3 Qe6+ 57. g4 Qe1 58. Qf3 Qe5 59. Qd3 Qf4
60. Qe2 Qd6 61. Qf3 Qe7 62. Qd3 Kg7 63. Qf3 Qc7 64. Qd3 Kf8 65. Qa3+ Kf7 66.
Qb3+ Ke7 67. Qb4+ Qd6 68. Qb7+ Qd7 69. Qb4+ Qd6 70. Qb7+ Kd8 71. Qa8+ Kc7 72.
Qa7+ Kc6 73. Qa6+ Kd5 74. Qd3+ Ke6 75. Qf5+ Ke7 76. Qe4+ Qe6 77. Qb7+ Kf8 78.
Qa8+ Kf7 79. Qb7+ Qe7 80. Qd5+ Kg7 81. Qf3 Qd7 82. Qb7 Qf7 83. Qd5 Kg6 84. Qf5+
Kh6 85. Qf3 Qe6 86. Qd3 Qe5 87. Qf3 Qd4 88. Qa3 Qd5 89. Qf8+ Kg6 90. Qg7+ 1/2-1/2

[Event "TCh-RUS Premier 2023"]
[Site "Sochi RUS"]
[Date "2023.05.07"]
[Round "6.1"]
[Board "5"]
[White "Faizrakhmanov, Ramil"]
[Black "Iljiushenok, Ilia"]
[Result "0-1"]
[WhiteTitle "IM"]
[BlackTitle "GM"]
[WhiteElo "2480"]
[BlackElo "2544"]
[WhiteTeam "Ladya (Respublika Tatarstan)"]
[BlackTeam "Moskovskaya oblast (Moskovskaya oblast)"]
[WhiteFideId "24103209"]
[BlackFideId "24105074"]
[EventDate "2023.05.01"]
[EventType "team"]

1. d4 Nf6 2. c4 e6 3. Nf3 b6 4. g3 Ba6 5. b3 Bb4+ 6. Bd2 Be7 7. Nc3 d5 8. cxd5
exd5 9. Bg2 O-O 10. O-O Re8 11. a3 Nbd7 12. b4 Bb7 13. Qb3 c6 14. Rfd1 Rc8 15.
Rac1 Bd6 16. Bf4 Bxf4 17. gxf4 Nf8 18. e3 Ng6 19. Rc2 Rc7 20. Rdc1 a6 21. Na4 b5
22. Nc5 Bc8 23. Nd3 Ne7 24. Nde5 Qd6 25. Nd2 Be6 26. Rc5 Rec8 27. Qd1 Nd7 28.
Nxd7 Bxd7 29. Nb3 Re8 30. R5c3 Bf5 31. Na5 Bd7 32. Qh5 f6 33. Nb3 Ra8 34. Rc5
Be8 35. Qf3 Bd7 36. R5c3 Raa7 37. Na5 Ra8 38. Nb3 Raa7 39. Nc5 a5 40. Qd1 Bf5
41. Bf1 axb4 42. axb4 Rc8 43. Ra1 Rca8 44. Rcc1 Qb8 45. Nb3 Ra4 46. Qe1 Qe8 47.
Bg2 Ng6 48. Na5 Rxa1 49. Rxa1 Be4 50. f3 Bf5 51. e4 Bd7 52. Qe3 Qe7 53. Rb1 Re8
54. Nb7 f5 55. e5 Qh4 56. Nc5 Nxf4 57. Qf2 Qg5 58. Kh1 Be6 59. Ra1 Bf7 60. Qg3
Qxg3 61. hxg3 Ne2 62. Nb3 Nxg3+ 63. Kh2 Ne2 64. Bh3 g6 65. Bf1 Nf4 66. Ra6 Rc8
67. Na5 Be8 68. Nb7 Ne6 69. Nd6 Rb8 70. Nxe8 Rxe8 71. Rxc6 Nxd4 72. Rc5 Nxf3+
73. Kg3 Nd2 74. Bxb5 Ne4+ 75. Kf4 Rb8 76. Bd7 Nxc5 77. bxc5 Rb4+ 78. Kg5 Kf7 0-1